V.I.Lênin toàn tập Tháng năm - Tháng Mười một 1920 T.41
Guardado en:
| Formato: | Libro |
|---|---|
| Publicado: |
Hà Nội
Chính trị quốc gia
2006
|
| Materias: | |
| Etiquetas: |
Agregar Etiqueta
Sin Etiquetas, Sea el primero en etiquetar este registro!
|
| Thư viện lưu trữ: | Trung tâm Học liệu Lê Vũ Hùng, Trường Đại học Đồng Tháp |
|---|
| LEADER | 00726pam a22002298a 4500 | ||
|---|---|---|---|
| 001 | 00036863 | ||
| 005 | 20171026081023.0 | ||
| 008 | 170331s2006 ||||||Viesd | ||
| 020 | |c 92000 | ||
| 041 | 0 | # | |a Vie |
| 082 | 1 | 4 | |a 335.43 |b V000I |
| 245 | 0 | 0 | |p Tháng năm - Tháng Mười một 1920 |a V.I.Lênin toàn tập |n T.41 |
| 260 | # | # | |a Hà Nội |b Chính trị quốc gia |c 2006 |
| 300 | # | # | |c 21 cm. |a 843 tr. |
| 653 | # | # | |a Chính trị |
| 653 | # | # | |a Tiểu sử |
| 653 | # | # | |a Lênin |a Sự nghiệp |a Cách mạng |
| 852 | # | # | |b Kho đọc |j KD.0019717 |
| 852 | # | # | |j KD.0019717 |
| 910 | |d 31/03/2017 | ||
| 980 | # | # | |a Trung tâm Học liệu Lê Vũ Hùng, Trường Đại học Đồng Tháp |